| 000 | 01157 a2200289 4500 | ||
|---|---|---|---|
| 003 | dpl | ||
| 005 | 20090304110422.0 | ||
| 008 | 090304t xxu||||| |||| 00| 0 eng d | ||
| 010 | _aENG-85289 | ||
| 020 |
_a8183331645 _c120.00 |
||
| 035 | _aEN-68822 | ||
| 037 | _bD.B.Act / Pub | ||
| 040 |
_aDPL _cDPL |
||
| 082 | _a004.21 | ||
| 100 | _aJain, Satish | ||
| 245 |
_aGuide to system analysis, design & MIS _bquestions and answers _cby Satish Jain and Shahsi Singh |
||
| 260 |
_aNew Delhi _bBPB Publications _c2006 |
||
| 270 |
_aB-14, Connaught Place _bNew Delhi _e110 001 _k011-23325760, 011-23723393 |
||
| 300 |
_ax, 249 p. _c22 cm (Pbk.) |
||
| 500 | _aincluding sample papers and glossary | ||
| 650 | _aSystems Analysis | ||
| 650 | _aManagaement Information System | ||
| 700 | _aShashi Singh | ||
| 942 |
_adpl _cEN _k004.21 / JAI _2ddc _h004.21 _mJAI |
||
| 999 |
_c1823 _d1823 |
||